Las funciones corticales superiores del hombre / (Record no. 76494)

MARC details
000 -LEADER
fixed length control field 00711nam a22002057a 4500
008 - FIXED-LENGTH DATA ELEMENTS--GENERAL INFORMATION
fixed length control field 140811t mx||||| |||| 00| 0 spa d
020 ## - INTERNATIONAL STANDARD BOOK NUMBER
International Standard Book Number 9684765045
050 04 - LIBRARY OF CONGRESS CALL NUMBER
Classification number QP381
Item number L85 2005
100 1# - MAIN ENTRY--PERSONAL NAME
Personal name Luria, Alexandr Románovich
245 13 - TITLE STATEMENT
Title Las funciones corticales superiores del hombre /
Statement of responsibility, etc Alexandr Románovich Luria, tr. Castull Pérez
260 ## - PUBLICATION, DISTRIBUTION, ETC. (IMPRINT)
Place of publication, distribution, etc México :
Name of publisher, distributor, etc Fontamara,
Date of publication, distribution, etc 2005
300 ## - PHYSICAL DESCRIPTION
Extent 691 p.
Other physical details il. ;
Dimensions 21 cm.
440 #0 - SERIES STATEMENT/ADDED ENTRY--TITLE
Title Psicología
Number of part/section of a work No. 3
500 ## - GENERAL NOTE
General note Traducción de. Higher cortical functions in man
504 ## - BIBLIOGRAPHY, ETC. NOTE
Bibliography, etc Incluye bibliografías e índices
Number of references p. 589-691
650 #4 - SUBJECT ADDED ENTRY--TOPICAL TERM
Topical term or geographic name as entry element Cerebro
General subdivision Heridas y lesiones
650 #4 - SUBJECT ADDED ENTRY--TOPICAL TERM
Topical term or geographic name as entry element Psicologia
General subdivision Cerebro
700 1# - ADDED ENTRY--PERSONAL NAME
Personal name Pérez, Castull,
Relator term tr.
942 ## - ADDED ENTRY ELEMENTS (KOHA)
Source of classification or shelving scheme Biblioteca del Cogreso de los Estados Unidos
Koha item type Libro
Holdings
Estado de pérdida Fuente de clasificación Estado del daño No para préstamo Ubicación permanente Ubicación actual Apartado o colección Fecha de adquisición Fuente de adquisición Enumeración de Serie / Cronológica Dependencia de educación superior (DES) Área del conocimiento Clasificación Código de Barras Date last seen Número de copia Tipo de recurso
  Biblioteca del Cogreso de los Estados Unidos     Biblioteca de la Facultad de Psicología Biblioteca de la Facultad de Psicología General 11/08/2014   BFP000010411     QP381 L85 2005 BFP000010411 16/01/2015 1 Libro